History Quiz

Random History or Decade Quiz

980s Missing Words A-Z Quiz Stats

 Plays Quiz not verified by Sporcle

Challenge
Share
Tweet
Embed
Score 0/26 Timer 03:00
0 Plays Today
Clue Missing Word % Correct
Eric the ___-hairedRed
93%
Dunstan[us]: __________ of CanterburyArchbishop
91.7%
Håkon Sigurdsson of ______Norway
89.8%
______'s Comet is at perihelionHalley
88.5%
Vladimir I of ____ (Ukraine)Kiev
87.9%
_____ Gerberga of SaxonyQueen
87.9%
Emperor En'yū of _____Japan
86.6%
Pope John ___XIV
86%
First known Russian ____and silver coinsGold
84.7%
Byzantine _______ Basilius IIEmperor
80.3%
Hugh Capet, Count of _____, FranceParis
76.4%
_____ V becomes King of the Franks Louis
75.8%
Kukulcan conquers Chichen ____Itza
72%
Clue Missing Word % Correct
Great ______ of Córdoba (Prayer hall)Mosque
70.7%
Yelu Longxu of the Liao _______Dynasty
69.4%
Harald ____tooth king of DenmarkBlue
67.5%
Arnulf II _____ of FlandersCount
62.4%
Death of Saint Adalbert ___ MagdeburgVon
56.1%
The ____ Great Books of SongFour
49.7%
City of ______, Denmark is foundedOdense
40.1%
Sankore __________ is founded in TimbuktuUniversity
40.1%
Chinese general Yang __Ye
40.1%
First commercially made ____ for shaving Soap
38.2%
Dirk II ____-Frisian count of HollandWest
33.8%
Tula (Mexico) becomes the ______ capitalToltec
29.3%
City of ______, Spain razed to the groundZamora
11.5%

You're not logged in!

Compare scores with friends on all Sporcle quizzes.
Join for Free
OR
Log In

You Might Also Like...

Show Comments

Extras

Top Quizzes Today


Score Distribution

Your Account Isn't Verified!

In order to create a playlist on Sporcle, you need to verify the email address you used during registration. Go to your Sporcle Settings to finish the process.

Report this User

Report this user for behavior that violates our Community Guidelines.

Details: